[Event "TURNIEJ "]
[Site "LAZY"]
[Date "2010.06.27"]
[Round "1.1"]
[White "Mazalon, Mateusz"]
[Black "Mroziak, Maciej"]
[Result "0-1"]
[WhiteElo "1790"]
[BlackElo "2068"]
[PlyCount "50"]
[EventDate "2010.??.??"]

1. e4 d5 2. exd5 Nf6 3. d4 Bg4 4. Be2 Bxe2 5. Qxe2 Qxd5 6. Nf3 Nc6 7. Nc3 Qh5
8. Bf4 O-O-O 9. O-O-O Nd5 10. Qd2 e6 11. Ne4 Qf5 12. Bg5 Qxe4 13. Bxd8 Bb4 14.
Qg5 Rxd8 15. Qxg7 Bf8 16. Qxf7 Ncb4 17. Ne1 Nxa2+ 18. Kb1 Nac3+ 19. bxc3 Nxc3+
20. Kc1 Qe2 21. Nd3 Ba3+ 22. Nb2 Nxd1 23. Rxd1 Bxb2+ 24. Kxb2 Qxd1 25. Qxe6+
Kb8 0-1

[Event "TURNIEJ "]
[Site "LAZY"]
[Date "2010.06.27"]
[Round "1.2"]
[White "Adamowicz, Maciej"]
[Black "Gabryjalowicz, Jakub"]
[Result "1-0"]
[WhiteElo "1978"]
[BlackElo "1780"]
[PlyCount "107"]
[EventDate "2010.??.??"]

1. e4 d5 2. exd5 Nf6 3. Nc3 Nxd5 4. Bc4 Nb6 5. Bb3 e6 6. d3 g6 7. Nf3 Bg7 8.
O-O h6 9. Bd2 O-O 10. Re1 Nc6 11. h4 e5 12. Ne4 Bg4 13. Bc3 Bxf3 14. Qxf3 Qxh4
15. Nc5 Rab8 16. Nxb7 Nd4 17. Bxd4 Qxd4 18. c3 Qh4 19. Na5 Qg5 20. Nc6 Ra8 21.
Re2 Nd7 22. Rae1 a5 23. Bd5 Nb6 24. Nxe5 Nxd5 25. Qxd5 Kh7 26. Qc4 Qf5 27. d4
Rac8 28. Nc6 Bf6 29. Ne7 Bxe7 30. Rxe7 c6 31. R7e5 Qc2 32. R1e2 Qb1+ 33. Kh2
Ra8 34. Re7 Kg7 35. Qe6 Rab8 36. Rxf7+ Rxf7 37. Qe5+ Kh7 38. Qxb8 Qxa2 39. Qe8
Qc4 40. Re6 Rg7 41. Qxc6 Qxc6 42. Rxc6 Rb7 43. Ra6 Rxb2 44. Rxa5 Rxf2 45. d5
Kg7 46. Ra6 Rc2 47. Rc6 Kf7 48. c4 Rc3 49. c5 h5 50. Rc7+ Kf6 51. d6 Ke6 52. d7
Ke7 53. c6 g5 54. Rc8 1-0

[Event "TURNIEJ "]
[Site "LAZY"]
[Date "2010.06.27"]
[Round "1.3"]
[White "Marciniszyn, Jakub"]
[Black "Zielinski, Maciej"]
[Result "1-0"]
[WhiteElo "1744"]
[BlackElo "1973"]
[PlyCount "107"]
[EventDate "2010.??.??"]

1. d4 Nf6 2. c4 g6 3. Nc3 Bg7 4. e4 d6 5. f3 O-O 6. Be3 Nbd7 7. Bd3 e5 8. d5
Nh5 9. Qd2 Nc5 10. Nge2 f5 11. O-O-O f4 12. Bf2 a6 13. Kb1 Bd7 14. Nc1 Rb8 15.
Nb3 Qe7 16. Qe2 g5 17. Rc1 g4 18. Nxc5 dxc5 19. fxg4 Nf6 20. h3 b5 21. Rhe1 c6
22. dxc6 Bxc6 23. cxb5 axb5 24. Bxb5 Rxb5 25. Nxb5 Nxe4 26. Qc4+ Qf7 27. Rxe4
Qxc4 28. Rexc4 Bxb5 29. Rxc5 Bd3+ 30. Ka1 e4 31. Rc8 e3 32. Rxf8+ Bxf8 33. Be1
Bf1 34. Rc2 Kf7 35. a4 Ke6 36. g3 Bxh3 37. gxf4 Kd5 38. Rh2 Bxg4 39. Rxh7 Kc4
40. f5 Kd3 41. f6 Kc2 42. Rh8 Bd6 43. f7 Be5 44. Bc3 e2 45. Rh1 Bd6 46. Bg7 Bf3
47. Rg1 Kb3 48. f8=Q Bxf8 49. Bxf8 Kxa4 50. b4 Bd5 51. Kb2 Bb3 52. Re1 Bd1 53.
Kc1 Kb5 54. Rxd1 1-0

[Event "TURNIEJ "]
[Site "LAZY"]
[Date "2010.06.27"]
[Round "1.4"]
[White "Kanarkiewicz, Michal"]
[Black "Skwarun, Wojciech"]
[Result "1-0"]
[WhiteElo "1918"]
[BlackElo "1744"]
[PlyCount "91"]
[EventDate "2010.??.??"]

1. e4 e5 2. Nf3 Nf6 3. Nxe5 d6 4. Nf3 Nxe4 5. Nc3 Nf6 6. d4 Be7 7. Bf4 Nh5 8.
Be3 Bf5 9. Bd3 Bxd3 10. Qxd3 c6 11. O-O-O d5 12. g4 Nf6 13. Bg5 h6 14. Bxf6
Bxf6 15. Rde1+ Be7 16. Qe3 Na6 17. Re2 Nc7 18. g5 hxg5 19. Nxg5 Kf8 20. f4 Bxg5
21. fxg5 Ne6 22. g6 Qg5 23. Qxg5 Nxg5 24. gxf7 Nf3 25. Rf2 Nxd4 26. Re1 Rh6 27.
Ref1 Rd8 28. Nd1 Rdd6 29. Ne3 Rhf6 30. Ng4 Rxf2 31. Rxf2 Re6 32. Kd2 Re7 33.
Kd3 Ne6 34. Ne5 Nf4+ 35. Kd4 g5 36. h4 b6 37. Nf3 g4 38. Ne5 Ne6+ 39. Kc3 Nf4
40. Kd4 Ne6+ 41. Kc3 Nf4 42. Nxg4 Rxf7 43. Ne5 Rf5 44. Nxc6 Kg7 45. Nd4 Rf6 46.
Rxf4 1-0

[Event "TURNIEJ "]
[Site "LAZY"]
[Date "2010.06.27"]
[Round "1.5"]
[White "Szewczyk, Mariusz"]
[Black "Zochowski, Kacper"]
[Result "1/2-1/2"]
[WhiteElo "1737"]
[BlackElo "1882"]
[PlyCount "81"]
[EventDate "2010.??.??"]

1. d4 Nf6 2. c4 e6 3. Nc3 Bb4 4. Nf3 Bxc3+ 5. bxc3 b6 6. Bg5 Bb7 7. e3 d6 8.
Bd3 h6 9. Bh4 Nbd7 10. Qc2 Qe7 11. e4 e5 12. O-O c5 13. Nd2 g5 14. Bg3 Nf8 15.
a4 Ng6 16. a5 O-O 17. axb6 axb6 18. Qb2 Nd7 19. Bc2 h5 20. h3 Nf4 21. Ba4 cxd4
22. Bxf4 dxc3 23. Qxc3 gxf4 24. Bxd7 Qxd7 25. Qf3 f5 26. Qxh5 fxe4 27. Rxa8
Bxa8 28. Re1 Qf7 29. Qg4+ Qg7 30. Qe6+ Qf7 31. Qxd6 e3 32. Nf3 Bxf3 33. gxf3
Qg7+ 34. Kf1 exf2 35. Kxf2 Qg3+ 36. Ke2 Qg2+ 37. Kd1 Qxf3+ 38. Re2 Qb3+ 39. Ke1
Qc3+ 40. Kf1 Qf3+ 41. Kg1 1/2-1/2

[Event "TURNIEJ "]
[Site "LAZY"]
[Date "2010.06.27"]
[Round "1.6"]
[White "Karski, Sebastian"]
[Black "Stawicki, Michal"]
[Result "1/2-1/2"]
[WhiteElo "1842"]
[BlackElo "1720"]
[PlyCount "104"]
[EventDate "2010.??.??"]

1. e4 e6 2. d4 d5 3. exd5 exd5 4. Bd3 Bd6 5. Ne2 Nf6 6. O-O O-O 7. f3 Re8 8.
Bg5 Nbd7 9. Nd2 c6 10. Bf4 Nf8 11. Bxd6 Qxd6 12. Ng3 Qb4 13. Nb3 Ne6 14. c3 Qf8
15. Qd2 Re7 16. Rae1 Bd7 17. Re2 Rd8 18. Rfe1 Ree8 19. Bf5 h6 20. Bxe6 Bxe6 21.
Nc5 Bc8 22. Rxe8 Rxe8 23. Rxe8 Qxe8 24. Qe2 Qxe2 25. Nxe2 Nd7 26. Nxd7 Bxd7 27.
Kf2 f6 28. Ke3 Kf7 29. Nf4 Bf5 30. a3 Bc8 31. Nd3 g5 32. g3 Kg6 33. b4 Kf5 34.
Nc5 a6 35. a4 Kg6 36. a5 Kf7 37. Na4 Bf5 38. h4 Be6 39. hxg5 hxg5 40. f4 Kg6
41. Nc5 Bc8 42. Kf3 Kh5 43. Nd3 Bg4+ 44. Ke3 Bf5 45. Nf2 Bc2 46. Kf3 Bb1 47.
Ke3 Bc2 48. fxg5 Kxg5 49. Kf3 f5 50. Nh3+ Kf6 51. Kf4 Be4 52. Nf2 Ke6 1/2-1/2

[Event "TURNIEJ "]
[Site "LAZY"]
[Date "2010.06.27"]
[Round "1.7"]
[White "Kozakow, Mikolaj"]
[Black "Malaczek, Mateusz"]
[Result "0-1"]
[WhiteElo "1533"]
[BlackElo "1824"]
[PlyCount "98"]
[EventDate "2010.??.??"]

1. e4 c5 2. Nf3 d6 3. d4 cxd4 4. Nxd4 Nf6 5. Nc3 g6 6. f4 Nc6 7. Nxc6 bxc6 8.
e5 dxe5 9. Qxd8+ Kxd8 10. fxe5 Ng8 11. Be3 f6 12. O-O-O+ Kc7 13. exf6 exf6 14.
Bf4+ Kb7 15. Ne4 Bf5 16. Bd3 Be7 17. Bd6 Bxe4 18. Bxe4 Rd8 19. Bf4 f5 20. Rxd8
Bxd8 21. Rd1 Nf6 22. Bf3 Bc7 23. Bg5 Ne4 24. Bxe4 fxe4 25. Re1 Re8 26. g3 Bb6
27. Be3 Bxe3+ 28. Rxe3 Kb6 29. Kd2 Kc5 30. Ra3 Re7 31. Ke3 Kd5 32. Ra5+ c5 33.
b4 Kc4 34. bxc5 Kb4 35. Ra6 Kb5 36. Ra3 Kb4 37. Rb3+ Kxc5 38. a4 Kc4 39. Rb5
Kc3 40. h4 Kxc2 41. g4 Kc3 42. a5 Kc4 43. Rg5 Re6 44. h5 a6 45. Ke2 Kd4 46. Kd2
e3+ 47. Ke2 Kc4 48. Ke1 e2 49. h6 Kd4 0-1

[Event "TURNIEJ "]
[Site "LAZY"]
[Date "2010.06.27"]
[Round "1.8"]
[White "Borawski, Jakub"]
[Black "Slany, Wiktor"]
[Result "0-1"]
[WhiteElo "1815"]
[BlackElo "1522"]
[PlyCount "62"]
[EventDate "2010.??.??"]

1. e4 e5 2. Nf3 Nc6 3. Bc4 Nf6 4. d3 Be7 5. Nc3 O-O 6. O-O d6 7. h3 Na5 8. Bb5
a6 9. Ba4 b5 10. Bb3 Nxb3 11. axb3 c5 12. Nxb5 Bxh3 13. gxh3 axb5 14. Rxa8 Qxa8
15. Kh2 d5 16. Nh4 dxe4 17. Nf5 Bd8 18. Rg1 g6 19. Qd2 Kh8 20. Qh6 Rg8 21. Bg5
Qc6 22. Ne3 exd3 23. cxd3 Nh5 24. Bxd8 Rxd8 25. Rg5 Qf6 26. Ng4 Qf4+ 27. Kg1 e4
28. Rxh5 Qxh6 29. Rxh6 exd3 30. Ne3 d2 31. Rh4 Re8 0-1

[Event "TURNIEJ "]
[Site "LAZY"]
[Date "2010.06.27"]
[Round "1.9"]
[White "Nizynski, Andrzej"]
[Black "Grota, Mateusz"]
[Result "0-1"]
[WhiteElo "1479"]
[BlackElo "1814"]
[PlyCount "114"]
[EventDate "2010.??.??"]

1. e4 e5 2. Nf3 Nc6 3. Bb5 a6 4. Bxc6 dxc6 5. O-O Bg4 6. d3 Bc5 7. Be3 Qd6 8.
Qe2 O-O-O 9. Nbd2 Ne7 10. Nc4 Qf6 11. Bxc5 Ng6 12. Be3 h5 13. h3 Kb8 14. hxg4
hxg4 15. Ng5 Rh4 16. g3 Rh5 17. Kg2 Nf4+ 18. Bxf4 exf4 19. gxf4 Qxf4 20. Rh1
Rxg5 21. Qe3 Qf6 22. Rh2 b6 23. Rah1 Kb7 24. Rh5 Rxh5 25. Rxh5 Re8 26. Rg5 Rh8
27. Rxg4 g6 28. Qf4 Qe7 29. Qe5 Qf8 30. Qf6 Qh6 31. Kf1 Qc1+ 32. Kg2 Qh1+ 33.
Kg3 Rh3+ 34. Kf4 Qh2+ 35. Rg3 Qxf2+ 36. Ke5 Qxg3+ 37. Kd4 Qf3 38. Nd6+ Ka7 39.
Nc8+ Kb7 40. Nd6+ Ka7 41. Nc8+ Kb8 42. Qd8 Qf2+ 43. Kc3 Qc5+ 44. Kb3 Kb7 45.
Na7 Qd6 46. Qc8+ Kxa7 47. Qxh3 Kb7 48. Qf3 Qe6+ 49. c4 g5 50. Kc2 g4 51. Qf4
Qg6 52. Qg3 Qh5 53. Kd2 Qh3 54. Qg1 Qf3 55. Qe3 Qh1 56. Qe1 Qh2+ 57. Qe2 g3 0-1

[Event "TURNIEJ "]
[Site "LAZY"]
[Date "2010.06.27"]
[Round "1.10"]
[White "Prominski, Piotr"]
[Black "Pychynski, Dominik"]
[Result "1-0"]
[WhiteElo "1795"]
[BlackElo "1427"]
[PlyCount "95"]
[EventDate "2010.??.??"]

1. e4 e6 2. d4 d5 3. exd5 exd5 4. Bd3 Bd6 5. Nf3 Ne7 6. O-O O-O 7. c3 c6 8. Bg5
f6 9. Bh4 Bf5 10. Re1 Bxd3 11. Qxd3 Ng6 12. Nbd2 Nd7 13. Bg3 Bxg3 14. hxg3 Re8
15. Nh4 Rxe1+ 16. Rxe1 Nxh4 17. gxh4 Nf8 18. Qg3 Qd7 19. Nb3 b6 20. h5 Re8 21.
Rxe8 Qxe8 22. h6 Qe7 23. Qxg7+ Qxg7 24. hxg7 Kxg7 25. Kf1 Ne6 26. g3 f5 27. Ke2
Kf6 28. f4 h6 29. Nc1 Nf8 30. Nd3 Ne6 31. b4 b5 32. Ne5 Nd8 33. Kf3 h5 34. a3
Kg7 35. Kg2 Kh6 36. Kh2 Kg7 37. Kh3 Kh7 38. Nd7 Kg6 39. Kh4 Nf7 40. Ne5+ Nxe5
41. fxe5 a6 42. e6 Kf6 43. Kxh5 Ke7 44. Kg6 Kxe6 45. Kg5 Ke7 46. Kxf5 Kf7 47.
g4 Ke7 48. g5 1-0

[Event "TURNIEJ "]
[Site "LAZY"]
[Date "2010.06.28"]
[Round "2.1"]
[White "Mroziak, Maciej"]
[Black "Prominski, Piotr"]
[Result "1-0"]
[WhiteElo "2068"]
[BlackElo "1795"]
[PlyCount "35"]
[EventDate "2010.??.??"]

1. e4 c5 2. c3 Nf6 3. e5 Nd5 4. d4 cxd4 5. Nf3 e6 6. cxd4 Nc6 7. Nc3 Nxc3 8.
bxc3 d6 9. exd6 Bxd6 10. Bd3 O-O 11. O-O h6 12. Bc2 e5 13. Qd3 f5 14. dxe5 Bxe5
15. Nxe5 Nxe5 16. Qg3 Nf7 17. Bb3 Kh8 18. Ba3 1-0

[Event "TURNIEJ "]
[Site "LAZY"]
[Date "2010.06.28"]
[Round "2.2"]
[White "Grota, Mateusz"]
[Black "Adamowicz, Maciej"]
[Result "1/2-1/2"]
[WhiteElo "1814"]
[BlackElo "1978"]
[PlyCount "67"]
[EventDate "2010.??.??"]

1. e4 c5 2. Nf3 g6 3. d4 Bg7 4. Nc3 cxd4 5. Nxd4 Nc6 6. Be3 Nf6 7. Be2 d6 8.
Qd2 O-O 9. f3 Nxd4 10. Bxd4 Be6 11. O-O Qc7 12. Nb5 Qb8 13. Be3 a6 14. Nd4 Bd7
15. a4 b6 16. c3 Qb7 17. Rfd1 b5 18. axb5 axb5 19. Qc2 Ra4 20. Qb3 Qa6 21. Rxa4
Qxa4 22. Qxa4 bxa4 23. Nc2 Ra8 24. Nb4 Kf8 25. Ra1 Ne8 26. Nd5 Bc6 27. Nb6 Ra5
28. Bd1 a3 29. Rxa3 Rxa3 30. bxa3 Bxc3 31. a4 Nc7 32. Kf1 Ke8 33. Bb3 e6 34.
Ke2 1/2-1/2

[Event "TURNIEJ "]
[Site "LAZY"]
[Date "2010.06.28"]
[Round "2.4"]
[White "Malaczek, Mateusz"]
[Black "Marciniszyn, Jakub"]
[Result "1-0"]
[WhiteElo "1824"]
[BlackElo "1744"]
[PlyCount "79"]
[EventDate "2010.??.??"]

1. e4 e6 2. d4 d5 3. Nd2 Nf6 4. e5 Nfd7 5. c3 c5 6. Bd3 Nc6 7. Ne2 Qb6 8. Nf3
f6 9. exf6 Nxf6 10. O-O Bd6 11. b3 O-O 12. Bf4 Bxf4 13. Nxf4 Qc7 14. Ne2 e5 15.
dxe5 Nxe5 16. Nxe5 Qxe5 17. Qd2 Bd7 18. Ng3 Rae8 19. Rae1 Qc7 20. Qg5 Bc6 21.
c4 b6 22. cxd5 Nxd5 23. Bc4 Qb7 24. Rxe8 Rxe8 25. Rd1 Kf8 26. Bxd5 Bxd5 27.
Qxd5 Re1+ 28. Nf1 Qxd5 29. Rxd5 Ke7 30. f4 Ra1 31. Rd2 Ke6 32. Kf2 Kf5 33. g3
g6 34. Ne3+ Ke4 35. Ng4 Kf5 36. Ne5 Rh1 37. Kg2 Ra1 38. Nc6 a5 39. Re2 Kf6 40.
Ne5 1-0

[Event "TURNIEJ "]
[Site "LAZY"]
[Date "2010.06.28"]
[Round "2.5"]
[White "Slany, Wiktor"]
[Black "Karski, Sebastian"]
[Result "1/2-1/2"]
[WhiteElo "1522"]
[BlackElo "1842"]
[PlyCount "54"]
[EventDate "2010.??.??"]

1. e4 c6 2. d4 d5 3. exd5 cxd5 4. Bd3 Nf6 5. c3 e6 6. Nf3 Bd6 7. Bg5 Nbd7 8.
Qc2 h6 9. Bh4 Qc7 10. Nbd2 a6 11. Nf1 b5 12. a3 Bb7 13. Bg3 Rc8 14. Bxd6 Qxd6
15. Ne3 O-O 16. O-O Nb6 17. Ne5 Nc4 18. N3g4 Nxg4 19. Nxg4 a5 20. Qc1 b4 21.
Nxh6+ gxh6 22. Qxh6 f5 23. Qg6+ Kh8 24. Qh6+ Kg8 25. Qg6+ Kh8 26. Qh6+ Kg8 27.
Qg6+ Kh8 1/2-1/2

[Event "TURNIEJ "]
[Site "LAZY"]
[Date "2010.06.28"]
[Round "2.6"]
[White "Stawicki, Michal"]
[Black "Szewczyk, Mariusz"]
[Result "0-1"]
[WhiteElo "1720"]
[BlackElo "1737"]
[PlyCount "99"]
[EventDate "2010.??.??"]

1. e4 c6 2. d4 d5 3. exd5 cxd5 4. Bd3 Nf6 5. c3 Nc6 6. Bf4 e6 7. Nf3 Bd6 8.
Bxd6 Qxd6 9. O-O O-O 10. Nbd2 Rd8 11. Re1 a6 12. Ne5 b5 13. a3 Bb7 14. Ndf3 Ne7
15. Ng5 Rf8 16. Re3 h6 17. Nh3 Nd7 18. f4 f5 19. Rg3 Nxe5 20. fxe5 Qd7 21. Qh5
Kh8 22. Ng5 Ng8 23. Rh3 Qe8 24. Qh4 Ne7 25. Rf1 Ng6 26. Qh5 Kg8 27. g3 hxg5 28.
Qh7+ Kf7 29. Bxf5 exf5 30. Rxf5+ Ke6 31. Rxf8 Nxf8 32. Qxg7 Qe7 33. Rh6+ Kd7
34. Rd6+ Ke8 35. Qh8 Bc8 36. Rf6 Be6 37. Qh6 Kd7 38. Kg2 Nh7 39. Rxe6 Qxe6 40.
Qxh7+ Kc6 41. Qg7 g4 42. b4 Kb6 43. Qh7 Rf8 44. Qc2 Qf7 45. Qe2 Kc7 46. h3
gxh3+ 47. Kxh3 Qf3 48. Qxf3 Rxf3 49. Kg4 Rxc3 50. Kf5 0-1

[Event "TURNIEJ "]
[Site "LAZY"]
[Date "2010.06.28"]
[Round "2.7"]
[White "Zochowski, Kacper"]
[Black "Borawski, Jakub"]
[Result "0-1"]
[WhiteElo "1882"]
[BlackElo "1815"]
[PlyCount "78"]
[EventDate "2010.??.??"]

1. e4 e5 2. Nf3 Nc6 3. Nc3 g6 4. d4 exd4 5. Nxd4 Bg7 6. Be3 d6 7. Qd2 Nf6 8. f3
O-O 9. O-O-O Re8 10. Nxc6 bxc6 11. Bc4 Be6 12. Bxe6 Rxe6 13. Ne2 c5 14. Nf4 Re8
15. h4 Rb8 16. c3 h5 17. g4 Re5 18. Nd3 Re8 19. Bg5 c4 20. Nb4 Qd7 21. Bxf6
Bxf6 22. Nd5 Bg7 23. gxh5 c6 24. Nb4 a5 25. Na6 Rb5 26. hxg6 fxg6 27. Qxd6 Qb7
28. Qxg6 Rf8 29. Rhg1 Qa7 30. Qe6+ Kh8 31. Rxg7 Qxg7 32. Qxc6 Rh5 33. Qxc4 Rxh4
34. Nc5 Rc8 35. Qd5 Rh2 36. Qf5 Rf8 37. Qe6 Qg5+ 38. Kb1 Qxc5 39. Qg6 Qf2 0-1

[Event "TURNIEJ "]
[Site "LAZY"]
[Date "2010.06.28"]
[Round "2.8"]
[White "Zielinski, Maciej"]
[Black "Kozakow, Mikolaj"]
[Result "1-0"]
[WhiteElo "1973"]
[BlackElo "1533"]
[PlyCount "83"]
[EventDate "2010.??.??"]

1. e4 e5 2. Nf3 Nc6 3. Bc4 Nf6 4. d3 d6 5. O-O h6 6. c3 Be7 7. Re1 Bg4 8. h3
Bh5 9. Nbd2 O-O 10. Nf1 a6 11. Ng3 Bxf3 12. Qxf3 Nh7 13. Nf5 Bg5 14. Qg3 Qf6
15. Bxg5 Qxg5 16. Re3 Qf6 17. Rf1 Ne7 18. Nxe7+ Qxe7 19. f4 Nf6 20. fxe5 Qxe5
21. Qh4 d5 22. d4 Qe6 23. e5 Kh7 24. Bd3+ Ne4 25. Bxe4+ dxe4 26. Qxe4+ Kh8 27.
Qxb7 Qxa2 28. Re2 Qc4 29. Ref2 Rab8 30. Qf3 c6 31. Qe2 Qxe2 32. Rxe2 Rb3 33. e6
f6 34. Ra1 Rb6 35. b4 Re8 36. Rea2 Rxe6 37. Rxa6 Re1+ 38. Kf2 Rxa6 39. Rxa6 Re6
40. d5 Rd6 41. dxc6 Rd2+ 42. Ke3 1-0

[Event "TURNIEJ "]
[Site "LAZY"]
[Date "2010.06.28"]
[Round "2.9"]
[White "Skwarun, Wojciech"]
[Black "Mazalon, Mateusz"]
[Result "0-1"]
[WhiteElo "1744"]
[BlackElo "1790"]
[PlyCount "44"]
[EventDate "2010.??.??"]

1. e4 c5 2. Nf3 a6 3. d4 cxd4 4. Nxd4 Nf6 5. Nc3 e5 6. Nf3 Bb4 7. Bd2 O-O 8.
Bc4 Bxc3 9. Bxc3 Nxe4 10. Nxe5 Nxc3 11. bxc3 Qf6 12. Qe2 d6 13. f4 dxe5 14.
fxe5 Qh4+ 15. g3 Qg4 16. Qd3 Bf5 17. Qf1 Qe4+ 18. Be2 Qxc2 19. Rd1 Qxc3+ 20.
Kf2 Nc6 21. g4 Be4 22. Rg1 Qxe5 0-1

[Event "TURNIEJ "]
[Site "LAZY"]
[Date "2010.06.28"]
[Round "2.10"]
[White "Gabryjalowicz, Jakub"]
[Black "Nizynski, Andrzej"]
[Result "1-0"]
[WhiteElo "1780"]
[BlackElo "1479"]
[PlyCount "69"]
[EventDate "2010.??.??"]

1. e4 e5 2. Nf3 Nf6 3. Nxe5 d6 4. Nf3 Nxe4 5. d3 Nf6 6. Be2 Nc6 7. O-O Be7 8.
Nc3 O-O 9. d4 d5 10. Bf4 Bf5 11. Ne5 Nxe5 12. dxe5 Ne8 13. Nxd5 c6 14. Nxe7+
Qxe7 15. Bd3 Rd8 16. Qf3 Qe6 17. Bg5 Bg4 18. Qe4 f5 19. Qc4 Rd5 20. Qb3 b5 21.
f4 Nc7 22. h3 Bh5 23. c4 Rd4 24. Qc3 Qd7 25. Bc2 Rxc4 26. Bb3 Kh8 27. Bxc4 bxc4
28. Qxc4 Rb8 29. b3 Rb6 30. Rac1 Nd5 31. Qc5 h6 32. Bh4 Nb4 33. Qd6 Qxd6 34.
exd6 Rb5 35. d7 1-0

[Event "TURNIEJ "]
[Site "LAZY"]
[Date "2010.06.28"]
[Round "3.1"]
[White "Kanarkiewicz, Michal"]
[Black "Mroziak, Maciej"]
[Result "1-0"]
[WhiteElo "1918"]
[BlackElo "2068"]
[PlyCount "168"]
[EventDate "2010.??.??"]

1. e4 c5 2. Nf3 Nc6 3. d4 cxd4 4. Nxd4 Nf6 5. Nc3 e6 6. Ndb5 Bb4 7. a3 Bxc3+ 8.
Nxc3 d5 9. exd5 exd5 10. Bd3 O-O 11. O-O d4 12. Ne4 Bf5 13. Bg5 Bxe4 14. Bxe4
h6 15. Bxf6 Qxf6 16. Qf3 Qxf3 17. Bxf3 Rac8 18. Rad1 Rfd8 19. Rd2 Ne5 20. Be2
Kf8 21. Rfd1 Ke7 22. Kf1 Rc7 23. f4 Nc6 24. Kf2 f5 25. Bb5 g5 26. g3 a6 27.
Re1+ Kf6 28. Bxc6 Rxc6 29. c3 Rcd6 30. Red1 d3 31. Ke3 Re8+ 32. Kf3 g4+ 33. Kf2
Rde6 34. b4 Re2+ 35. Kf1 b5 36. Rxd3 Rxh2 37. R1d2 Rh1+ 38. Kg2 Ra1 39. Rd6+
Re6 40. Rxe6+ Kxe6 41. Re2+ Kf6 42. Rd2 Rxa3 43. Rd6+ Ke7 44. Rc6 h5 45. Rc5
Ra2+ 46. Kf1 Ke6 47. Re5+ Kf6 48. Rc5 Kg6 49. Rc6+ Kf7 50. Rc5 Ke6 51. Re5+ Kf6
52. Rc5 h4 53. Rc6+ Kg7 54. gxh4 g3 55. h5 Rf2+ 56. Kg1 Rxf4 57. Rg6+ Kh7 58.
Rxg3 Rg4 59. Kf2 Kh6 60. Rd3 Kxh5 61. Rd6 Rg6 62. Rd5 Kg4 63. Rd4+ f4 64. c4
bxc4 65. Rxc4 Rh6 66. Kg2 Rd6 67. Rc2 Rd3 68. Ra2 Rg3+ 69. Kf2 Rb3 70. Rxa6
Rb2+ 71. Kg1 Kg3 72. Rg6+ Kf3 73. Rg7 Rxb4 74. Ra7 Rb1+ 75. Kh2 Re1 76. Rb7 Kf2
77. Rf7 f3 78. Rf8 Re7 79. Kh3 Ke2 80. Ra8 f2 81. Ra2+ Kf3 82. Ra3+ Re3 83. Ra1
Re1 84. Ra3+ Ke4 1-0

[Event "TURNIEJ "]
[Site "LAZY"]
[Date "2010.06.28"]
[Round "3.2"]
[White "Adamowicz, Maciej"]
[Black "Malaczek, Mateusz"]
[Result "1/2-1/2"]
[WhiteElo "1978"]
[BlackElo "1824"]
[PlyCount "62"]
[EventDate "2010.??.??"]

1. e4 e6 2. d4 d5 3. exd5 exd5 4. Bd3 Bd6 5. Qf3 c6 6. Ne2 Qf6 7. Bf4 Bxf4 8.
Qxf4 Qxf4 9. Nxf4 Nf6 10. f3 O-O 11. Kf2 Re8 12. Nc3 b6 13. Rae1 Bd7 14. Rxe8+
Bxe8 15. Re1 Nbd7 16. Nce2 Nf8 17. Ng3 Ng6 18. Nxg6 hxg6 19. h4 Bd7 20. Nf1 Re8
21. Rxe8+ Bxe8 22. g4 c5 23. c3 cxd4 24. cxd4 Kf8 25. Ng3 Ke7 26. Ke3 Kd6 27.
h5 gxh5 28. Nxh5 Nxh5 29. gxh5 f6 30. Bg6 Bxg6 31. hxg6 Ke6 1/2-1/2

[Event "TURNIEJ "]
[Site "LAZY"]
[Date "2010.06.28"]
[Round "3.3"]
[White "Szewczyk, Mariusz"]
[Black "Slany, Wiktor"]
[Result "0-1"]
[WhiteElo "1737"]
[BlackElo "1522"]
[PlyCount "58"]
[EventDate "2010.??.??"]

1. e4 e5 2. Nf3 Nc6 3. Bc4 Nf6 4. d3 Be7 5. c3 O-O 6. Be3 d5 7. exd5 Nxd5 8.
O-O Nxe3 9. fxe3 Bg4 10. Nbd2 Bc5 11. d4 Bb6 12. b4 exd4 13. exd4 Ne5 14. Be2
Nxf3+ 15. Nxf3 Qe7 16. Qc2 Rfe8 17. Bd3 Bxf3 18. Bxh7+ Kh8 19. Rxf3 Qh4 20. Bd3
Bxd4+ 21. Kh1 Re1+ 22. Rxe1 Qxe1+ 23. Bf1 Bf6 24. Kg1 Kg8 25. Qf5 Qe5 26. Qh3
Rd8 27. Rf5 Qxc3 28. Rf3 Qxb4 29. Bd3 Rxd3 0-1

[Event "TURNIEJ "]
[Site "LAZY"]
[Date "2010.06.28"]
[Round "3.4"]
[White "Prominski, Piotr"]
[Black "Grota, Mateusz"]
[Result "1/2-1/2"]
[WhiteElo "1795"]
[BlackElo "1814"]
[PlyCount "68"]
[EventDate "2010.??.??"]

1. e4 e5 2. Nf3 Nc6 3. Bb5 a6 4. Bxc6 dxc6 5. O-O Bg4 6. h3 h5 7. d3 Bxf3 8.
Qxf3 Qd7 9. Nd2 Bd6 10. Nc4 Ne7 11. Qg3 f6 12. Nxd6+ cxd6 13. f4 O-O-O 14. Qf2
Rdg8 15. Bd2 Kb8 16. Kh2 g5 17. fxg5 fxg5 18. g3 g4 19. h4 Rf8 20. Qg2 Ng6 21.
Bg5 Qe6 22. c4 Rh7 23. Rxf8+ Nxf8 24. Rf1 Rf7 25. Rf2 Nh7 26. Be3 Rf6 27. Qf1
Qf7 28. Rxf6 Qxf6 29. Kg2 Kc7 30. Qxf6 Nxf6 31. Bg5 Ne8 32. Be3 Ng7 33. Kf2 Ne6
34. Ke2 b5 1/2-1/2

[Event "TURNIEJ "]
[Site "LAZY"]
[Date "2010.06.28"]
[Round "3.5"]
[White "Pychynski, Dominik"]
[Black "Zielinski, Maciej"]
[Result "0-1"]
[WhiteElo "1427"]
[BlackElo "1973"]
[PlyCount "58"]
[EventDate "2010.??.??"]

1. c4 Nf6 2. Nc3 g6 3. g3 Bg7 4. Bg2 O-O 5. e3 d6 6. Nge2 Nc6 7. O-O e5 8. a3
a5 9. Rb1 Bf5 10. d3 Qd7 11. b4 axb4 12. axb4 Bh3 13. Bd2 Bxg2 14. Kxg2 Nh5 15.
Nd5 f5 16. f4 Nf6 17. Nec3 Nxd5 18. Nxd5 exf4 19. exf4 Rfe8 20. Bc3 Nd4 21. Re1
Rxe1 22. Bxe1 c6 23. Nc3 Qe6 24. Qd2 b5 25. Bf2 bxc4 26. Re1 Qf7 27. Bxd4 Bxd4
28. Ne2 Qd5+ 29. Kf1 Qf3# 0-1

[Event "TURNIEJ "]
[Site "LAZY"]
[Date "2010.06.28"]
[Round "3.6"]
[White "Karski, Sebastian"]
[Black "Gabryjalowicz, Jakub"]
[Result "1-0"]
[WhiteElo "1842"]
[BlackElo "1780"]
[PlyCount "121"]
[EventDate "2010.??.??"]

1. e4 d5 2. exd5 Nf6 3. Bb5+ Bd7 4. Bc4 Bg4 5. Ne2 Nxd5 6. f3 Bf5 7. O-O e5 8.
d4 Nb6 9. Bb3 exd4 10. Nxd4 Bg6 11. Re1+ Be7 12. Bg5 f6 13. Be3 Na6 14. Ne6
Qxd1 15. Nxg7+ Kf8 16. Ne6+ Ke8 17. Rxd1 c5 18. Na3 Rc8 19. c4 Bf7 20. Ng7+ Kf8
21. Bh6 Bg6 22. Nf5+ Kf7 23. Nxe7 Kxe7 24. Re1+ Kf7 25. Nb5 Rcd8 26. Rad1 Rxd1
27. Rxd1 Nc8 28. Rd7+ Ke6 29. Rxb7 Nb4 30. Nxa7 Nxa7 31. Rxa7 Nd3 32. Bd2 Nxb2
33. Bc3 Nd3 34. Ra6+ Kd7 35. Rxf6 Rg8 36. Bc2 Ra8 37. a4 Ke7 38. Rxg6 hxg6 39.
Bxd3 Rxa4 40. Bd2 Kf7 41. Kf2 Ra1 42. Bf4 Rd1 43. Be4 Ra1 44. Be3 Ra2+ 45. Kg3
Ra5 46. Kg4 Kf6 47. h4 Ra2 48. g3 Ra4 49. Bd5 Ra8 50. h5 gxh5+ 51. Kxh5 Kg7 52.
Kg5 Kh7 53. g4 Kg7 54. Kf5 Kh7 55. f4 Kg7 56. g5 Kh7 57. Ke4 Kg7 58. f5 Kh7 59.
f6 Kh8 60. g6 Ra7 61. g7+ 1-0

[Event "TURNIEJ "]
[Site "LAZY"]
[Date "2010.06.28"]
[Round "3.7"]
[White "Borawski, Jakub"]
[Black "Marciniszyn, Jakub"]
[Result "1/2-1/2"]
[WhiteElo "1815"]
[BlackElo "1744"]
[PlyCount "60"]
[EventDate "2010.??.??"]

1. e4 e6 2. d4 d5 3. Nc3 Bb4 4. exd5 exd5 5. Bd2 Ne7 6. Bd3 Nbc6 7. Nge2 O-O 8.
O-O Bf5 9. Bg5 Qd7 10. a3 Bd6 11. Nb5 Rfe8 12. Nxd6 Qxd6 13. Bf4 Qd7 14. Re1 a6
15. Qd2 Bxd3 16. Qxd3 Nf5 17. Bxc7 Re4 18. Bb6 Rae8 19. Kf1 Qe6 20. c3 Qh6 21.
Bc7 Qe6 22. Qd2 Qe7 23. Bf4 Na5 24. Rad1 Nc4 25. Qc2 g5 26. Bc1 b5 27. b3 Na5
28. Rd2 Qf6 29. Kg1 Qe6 30. Kf1 Qf6 1/2-1/2

[Event "TURNIEJ "]
[Site "LAZY"]
[Date "2010.06.28"]
[Round "3.9"]
[White "Stawicki, Michal"]
[Black "Zochowski, Kacper"]
[Result "0-1"]
[WhiteElo "1720"]
[BlackElo "1882"]
[PlyCount "82"]
[EventDate "2010.??.??"]

1. e4 e5 2. Nf3 Nc6 3. Bb5 a6 4. Ba4 Nf6 5. O-O b5 6. Bb3 Be7 7. d3 d6 8. h3
Na5 9. Be3 Nxb3 10. axb3 c5 11. c4 b4 12. Nbd2 O-O 13. Nh2 g6 14. f4 exf4 15.
Bxf4 Nh5 16. Bh6 Bg5 17. Bxg5 Qxg5 18. Ndf3 Qe7 19. Rf2 Ng7 20. Qd2 a5 21. Re1
f6 22. d4 Bd7 23. e5 dxe5 24. dxe5 f5 25. Nf1 f4 26. Re4 Ne6 27. Re1 Bc6 28.
Qd6 Qe8 29. Qd1 Rd8 30. Qc1 Rd3 31. N1d2 Re3 32. Ref1 Nd4 33. Nxd4 cxd4 34. Nf3
Bxf3 35. Rxf3 Qxe5 36. Kf2 Re8 37. Rxe3 fxe3+ 38. Ke2 d3+ 39. Kxd3 Rd8+ 40. Ke2
Rd2+ 41. Kf3 Rf2+ 0-1